|
|
|
|
| LEADER |
00000nam0a2200000 4500 |
| 001 |
278795 |
| 005 |
20231101235140.0 |
| 020 |
|
|
|a RU
|b 86-48473
|
| 035 |
|
|
|a (RuTPU)RU\TPU\book\302073
|
| 090 |
|
|
|a 278795
|
| 100 |
|
|
|a 20141215d1986 km y0rusy5003 ca
|
| 101 |
0 |
|
|a rus
|
| 102 |
|
|
|a RU
|
| 105 |
|
|
|a a z 001zy
|
| 200 |
1 |
|
|a Микробные метаболиты - ингибиторы ферментов
|f А. М. Безбородов
|g Академия наук СССР (АН СССР), Институт биохимии им. А. Н. Баха (ИНБИ) ; под ред. В. Л. Кретовича
|
| 210 |
|
|
|a Москва
|c Наука
|d 1986
|
| 215 |
|
|
|a 96 с.
|c ил.
|
| 320 |
|
|
|a Библиогр.: с. 88-96
|
| 606 |
1 |
|
|a Микробные метаболиты
|2 stltpush
|3 (RuTPU)RU\TPU\subj\43657
|9 63121
|
| 610 |
1 |
|
|a ингибиторы ферментов
|
| 610 |
1 |
|
|a метаболиты
|
| 610 |
1 |
|
|a микроорганизмы
|
| 610 |
1 |
|
|a пептиды
|
| 610 |
1 |
|
|a олигосахариды
|
| 610 |
1 |
|
|a гидролитические ферменты
|
| 675 |
|
|
|a 579
|z rus
|v 4
|
| 700 |
|
1 |
|a Безбородов
|b А. М.
|g Алексей Михайлович
|4 070
|
| 702 |
|
1 |
|a Кретович
|b В. Л.
|4 340
|
| 712 |
0 |
2 |
|a Академия наук СССР (АН СССР)
|b Институт биохимии им. А. Н. Баха (ИНБИ)
|c (Москва)
|2 stltpush
|3 (RuTPU)RU\TPU\col\11920
|
| 801 |
|
0 |
|a RU
|b RuMRKP
|c 19950704
|g psbo
|
| 801 |
|
1 |
|a RU
|b 63413507
|c 20141215
|
| 801 |
|
2 |
|a RU
|b 63413507
|c 20180117
|g RCR
|
| 942 |
|
|
|c BK
|